00631nam a22002177a 450000500170000001000130001702000230003003500130005303700160006604000120008208200160009410000200011024500830013026000460021327000470025930000250030650000200033165000140035165000260036570000220039120170124110052.0 aB-061286 c175.00a8120319214 aB-061286 bCen Lib/Ret aDPLbEN a657.45bRAV aRavindra Kumar  aFundamentals of practical auditing /cby Ravindra kumar [and] Virendra sharma  aNew Delhi bPrentice Hall of india c2001 aM-97 connaught circus bNew Delhi e110001 axvi, 623p.c21cm(Hb) aIncludes index  aAuditing  aPlanning and Process  aSharma, Virendra